Lana Del Rey - Chansons de l'album Ultraviolence - Statistiques

Statistiques générales
  • Ce quiz a été pris 23 fois
  • Le résultat moyen est 12 sur 16
Statistiques - réponses
Hint Réponse % Correct
Ultraviolence 2 Ultraviolence
100%
Ultraviolence 4 Brooklyn Baby
92%
Ultraviolence Édition Deluxe 13 Guns & Roses
92%
Ultraviolence 6 Sad Girl
92%
Ultraviolence Édition Deluxe 12 Black Beauty
83%
Ultraviolence 10 Old Money
83%
Ultraviolence 5 West Coast
83%
Ultraviolence Édition Deluxe 14 Florida Kilos
75%
Ultraviolence 7 Pretty When You Cry
75%
Ultraviolence 3 Shades of Cool
75%
Ultraviolence 11 The Other Woman
75%
Ultraviolence 1 Cruel World
67%
Ultraviolence 8 Money Power Glory
67%
Ultraviolence 9 Fucked My Way Up to the Top
58%
Ultraviolence Édition Deluxe 16 Flipside
33%
Ultraviolence Édition Deluxe 15 Is This Happiness
33%
Aucun quiz correspondant
Distribution des résultats
% des personnes avec chaque résultat
Percentile par nombre de réponses
Votre historique - résultats
Vous n’avez pas pris ce quiz